MCU Spider-Man Trilogy Characters - Statistics

General Stats
  • This quiz has been taken 143 times
  • The average score is 33 of 52
Answer Stats
Hint Answer % Correct
Above’s real name Peter Parker
97%
Webslinger Spiderman
97%
Peter’s aunt May Parker
94%
Peter’s girlfriend MJ
92%
Winged villain Vulture
92%
Dated May Happy Hogan
91%
Peter’s homecoming date Liz Toomes
90%
Peter’s best friend Ned Leeds
90%
Avenger Iron Man
86%
Sorcerer who made everyone forget Peter Doctor Stephen Strange
85%
Ex-head of SHIELD Nick Fury
85%
Peter’s mentor Tony Stark
85%
Spider-Man’s number one fan Flash Thompson
82%
Villain who controls sand Sandman
81%
Villain who was head of Oscorp Green Goblin
80%
Villain who can control electricity Electro
79%
Villain with mechanical arms Doctor Octopus
78%
Symbiote Venom
78%
CEO of Stark Industries Pepper Potts
77%
Reptilian villain Lizard
76%
Fake villain Mysterio
76%
Sorcerer Supreme Wong
76%
Liz’s dad Adrian Toomes
74%
Above’s real name Norman Osborne
74%
Above’s partner Maria Hill
73%
Peter’s lawyer Matt Murdock
73%
Above’s real name Otto Octavius
71%
Avenger who talks of patience Captain America
69%
Above’s real name Steve Rogers
66%
Head of the Daily Bugle J Jonah Jameson
65%
The first one was killed accidentally Shocker
61%
AI left by Stark for Peter EDITH
56%
Spider-Man’s AI KAREN
56%
Above’s real name Max Dillon
56%
Above’s name Quentin Beck
55%
Above’s real name Curt Connors
54%
Met Toomes in prison Mac Gargan
54%
Leant of the Avengers in a bar Eddie Brock
50%
Midtown High host Betty Brant
49%
Interrogated by Spider-Man Aaron Davis
46%
Above’s real name Flint Marko
46%
Skrull Talos
44%
Created tech for the Vulture Tinkerer
43%
Peter’s teacher Roger Harrington
38%
Peter’s classmate who also liked MJ Brad Davis
35%
Peter’s gym teacher Coach Wilson
21%
Peter’s teacher Julius Dell
18%
Skrull Soren
18%
Midtown High host Jason Ionello
15%
Ex-Stark Industries employee William Riva
14%
Worked for ‘Fury’ Dimitri
9%
Damage Control Agent Agent Cleary
7%
No matching quizzes found
Score Distribution
Percent of People with Each Score
Percentile by Number Answered
Your Score History
You have not taken this quiz